| 000 | 01156cam a22002054a 4500 | ||
|---|---|---|---|
| 005 | 20250605164036.0 | ||
| 008 | 250528s ||||||||||||||||||||||||d | ||
| 035 | _a16811 | ||
| 020 | _a6517390 | ||
| 040 |
_aGR-AtMCL _bgre _dGR-AtMCL _eAACR2 |
||
| 245 | 1 | _aPiping Handbook / Fifth Edition | |
| 250 | _a5th | ||
| 260 |
_bMcgraw Hill Book Company, _c1967 |
||
| 300 | _a2326 | ||
| 520 | _aPreface, Definitions and Weights and Measures, Physical and Metallurgical Properties of Piping Materials, Fluid Mechanics, Expansion and Flexibility, Hangers and Supports, Thermal Insulation, Manufacture and Fabrication and Joining of Commercial Piping, Material Specifications, Corrosion in Piping Systems, Building Heating Systems, Cryogenic-Systems Piping, Fire Protection Piping, Gas-Systems Piping, Hydraulic Power Transmission Piping, Underground Steam Piping, Nuclear Systems Piping, Refrigeration-Systems Piping, Sewerage-Systems Piping, Flow of Sludges and Slurries, Steam-Power Plant Piping, Water-Supply Piping, Oil-Systems Piping, Plumbing Systems, Index. | ||
| 700 | 1 |
_aKing Reno C _92906 |
|
| 942 | _cBK | ||
| 999 |
_c2271 _d2271 |
||